عرض عادي عرض مارك
  • Bellenkes, Andrew.

مدخل إسم شخص

عدد التسجيلات المستخدمة في: 1

001 - رقم الضبط

  • حقل الضبط: 44692

003 - معرف رقم الضبط

  • حقل الضبط: OSt

005 - تاريخ ووقت أخر عملية

  • حقل الضبط: 20140511161118.0

008 - عناصر بيانات ثابتة الطول

  • حقل تحكم ثابت الطول: 140511|||a|||||| | ||| d

040 ## - مصدر الفهرسة

  • هيئة الفهرسة الأصلية: OSt
  • وكالة الكتابة: OSt

100 ## - مدخل -- أسم شخص

  • إسم شخص: Bellenkes, Andrew.

670 ## - بيانات المصدر موجوده

  • الاستشهاد بالمصدر: Work cat.: (OSt)0: Anderson, James H., 1963- 44688, Leading dynamic seminars :, 2013.